Computers for everyone (Record no. 482)

MARC details
000 -LEADER
fixed length control field 00438 a2200181 4500
001 - CONTROL NUMBER
control field 066426
003 - CONTROL NUMBER IDENTIFIER
control field OSt
005 - DATE AND TIME OF LATEST TRANSACTION
control field 20210928121800.0
008 - FIXED-LENGTH DATA ELEMENTS--GENERAL INFORMATION
fixed length control field
082 ## - DEWEY DECIMAL CLASSIFICATION NUMBER
Classification number 004
Item number L55C
100 1# - MAIN ENTRY--PERSONAL NAME
Personal name Leon, Mathews
245 1# - TITLE STATEMENT
Title Computers for everyone
Statement of responsibility, etc by Mathews Leon and Alexis Leon
260 ## - PUBLICATION, DISTRIBUTION, ETC. (IMPRINT)
Place of publication, distribution, etc Channai
Name of publisher, distributor, etc Leon Press
Date of publication, distribution, etc 2001
300 ## - PHYSICAL DESCRIPTION
Extent 431p.
690 ## - LOCAL SUBJECT ADDED ENTRY--TOPICAL TERM (OCLC, RLIN)
Topical term or geographic name as entry element Computer
700 ## - ADDED ENTRY--PERSONAL NAME
Personal name Leon, Alexis
942 ## - ADDED ENTRY ELEMENTS (KOHA)
Source of classification or shelving scheme Dewey Decimal Classification
Koha item type Books
Holdings
Withdrawn status Lost status Source of classification or shelving scheme Damaged status Not for loan Collection code Home library Current library Date acquired Source of acquisition Cost, normal purchase price Total Checkouts Full call number Barcode Date last seen Date checked out Price effective from Koha item type
    Dewey Decimal Classification     General Text Book Central University Of Rajasthan Central University Of Rajasthan 07/03/2012 CSC 200.00 1 004 L55C 712 21/11/2024 10/05/2022 02/09/2020 Books